<?xml version="1.0" encoding="UTF-8"?>
<record
    xmlns:xsi="http://www.w3.org/2001/XMLSchema-instance"
    xsi:schemaLocation="http://www.loc.gov/MARC21/slim http://www.loc.gov/standards/marcxml/schema/MARC21slim.xsd"
    xmlns="http://www.loc.gov/MARC21/slim">

  <leader>00885nam1a22002411i 4500</leader>
  <controlfield tag="001">rc\874837</controlfield>
  <controlfield tag="005">20240726100238.0</controlfield>
  <datafield tag="035" ind1=" " ind2=" ">
    <subfield code="a">(NLR Aleph) 008766002</subfield>
  </datafield>
  <datafield tag="090" ind1=" " ind2=" ">
    <subfield code="a">7894507</subfield>
    <subfield code="c">7894507</subfield>
  </datafield>
  <datafield tag="100" ind1=" " ind2=" ">
    <subfield code="a">20041129g19849999u  |0rusy50      ca</subfield>
  </datafield>
  <datafield tag="101" ind1="0" ind2=" ">
    <subfield code="a">rus</subfield>
    <subfield code="c">lit</subfield>
  </datafield>
  <datafield tag="102" ind1=" " ind2=" ">
    <subfield code="a">RU</subfield>
  </datafield>
  <datafield tag="105" ind1=" " ind2=" ">
    <subfield code="a">y   |||||||||</subfield>
  </datafield>
  <datafield tag="200" ind1="1" ind2=" ">
    <subfield code="a">&#x418;&#x437;&#x431;&#x440;&#x430;&#x43D;&#x43D;&#x44B;&#x435; &#x43F;&#x440;&#x43E;&#x438;&#x437;&#x432;&#x435;&#x434;&#x435;&#x43D;&#x438;&#x44F;</subfield>
    <subfield code="e">&#x412; 2 &#x442;.</subfield>
    <subfield code="e">&#x41F;&#x435;&#x440;. &#x441; &#x43B;&#x438;&#x442;&#x43E;&#x432;.</subfield>
    <subfield code="f">&#x41F;&#x44F;&#x442;&#x440;&#x430;&#x441; &#x426;&#x432;&#x438;&#x440;&#x43A;&#x430;</subfield>
    <subfield code="g">[&#x412;&#x441;&#x442;&#x443;&#x43F;. &#x441;&#x442;. &#x41C;. &#x421;&#x442;&#x443;&#x43D;&#x43A;&#x438;&#x441;&#x430;</subfield>
    <subfield code="g">&#x41A;&#x43E;&#x43C;&#x43C;&#x435;&#x43D;&#x442;. &#x412;. &#x413;&#x430;&#x43B;&#x438;&#x43D;&#x438;&#x441;&#x430;, &#x414;. &#x42E;&#x434;&#x435;&#x43B;&#x44F;&#x432;&#x438;&#x447;&#x44E;&#x441;&#x430;]</subfield>
  </datafield>
  <datafield tag="210" ind1=" " ind2=" ">
    <subfield code="a">&#x41C;.</subfield>
    <subfield code="c">&#x425;&#x443;&#x434;&#x43E;&#x436;. &#x43B;&#x438;&#x442;.</subfield>
    <subfield code="d">1984-</subfield>
  </datafield>
  <datafield tag="215" ind1=" " ind2=" ">
    <subfield code="d">21</subfield>
  </datafield>
  <datafield tag="300" ind1=" " ind2=" ">
    <subfield code="a">&#x412; &#x432;&#x44B;&#x43F;. &#x434;&#x430;&#x43D;. &#x430;&#x432;&#x442;.: &#x41F;&#x44F;&#x442;&#x440;&#x430;&#x441; &#x41A;&#x430;&#x437;&#x438;&#x43C;&#x438;&#x440;&#x43E;&#x432;&#x438;&#x447; &#x426;&#x432;&#x438;&#x440;&#x43A;&#x430;</subfield>
  </datafield>
  <datafield tag="700" ind1=" " ind2="1">
    <subfield code="a">&#x426;&#x432;&#x438;&#x440;&#x43A;&#x430;</subfield>
    <subfield code="b">&#x41F;.</subfield>
    <subfield code="f">1909-1947</subfield>
    <subfield code="g">&#x41F;&#x44F;&#x442;&#x440;&#x430;&#x441;</subfield>
  </datafield>
  <datafield tag="801" ind1=" " ind2="0">
    <subfield code="a">RU</subfield>
    <subfield code="b">NLR</subfield>
    <subfield code="g">psbo</subfield>
  </datafield>
  <datafield tag="801" ind1=" " ind2="1">
    <subfield code="a">RU</subfield>
    <subfield code="b">ELAR</subfield>
    <subfield code="2">rusmarc</subfield>
  </datafield>
  <datafield tag="801" ind1=" " ind2="2">
    <subfield code="a">RU</subfield>
    <subfield code="b">NLR</subfield>
    <subfield code="c">20050217</subfield>
    <subfield code="2">rusmarc</subfield>
  </datafield>
  <datafield tag="852" ind1=" " ind2=" ">
    <subfield code="a">NLR</subfield>
    <subfield code="j">85-3/2244</subfield>
  </datafield>
  <datafield tag="942" ind1=" " ind2=" ">
    <subfield code="c">BOOK</subfield>
  </datafield>
</record>
